00553nam a22001697a 4500003000400000005001700004008004100021020001500062040000900077100002300086245012600109260002900235300001100264490002300275650005700298650002800355OSt20131023171202.0130625s1990 sp ||||| |||| 00| 0 spa d a8432047945 cCDMR1 aCockerell, Michael13aLa televisión inglesa y los primeros ministrosb: una historia interna de esta turbulenta relacióncMichael Cockerell aBarcelonabPlanetac1990 a420 p.0 aAl Filo del Tiempo04aComunicació en la políticayS. XXzGran Bretanya04aTelevisiózRegne Unit